000 00302nam a22001337a 4500
008 170914b xxu||||| |||| 00| 0 eng d
020 _a9780300000016
041 _aeng
080 _a7
100 _a44
101 _aART
245 _aLEON BATTISTA ALBERTI ON PAINTING
_cSPENCER,J.R
942 _2udc
_cBK
999 _c27566
_d27566